000 00494nam a2200181Ia 4500
001 22637
005 20260414150844.0
008 260414t2020||||xx |||||||||||||| ||spa||
041 _aESP
082 _a621.3822
_bY98
100 _aYu, Jianjun,
_eAUT
245 0 _aDigital Signal Processing In High-Speed Optical Fiber Communication Principle and Application
_b
260 _c2020
300 _axlii, 542 páginas :
_c23 cm.
650 _aTCA
654 _aCET
942 _cLIB
_dJUS
_fJUS
_2ddc
_n
999 _c22637
_d22637